| 000 | 00734nam a2200241 a 4500 | ||
|---|---|---|---|
| 001 | BRCA_4031 | ||
| 005 | 20190320204523.0 | ||
| 008 | 050210s1916----sp-#######---#000-0#spa-# | ||
| 041 | _aspa | ||
| 044 | _asp | ||
| 050 | 4 |
_aF1233.5 _b.G66 1916 |
|
| 100 | 1 |
_aGonzález Blanco, Andrés _910474 |
|
| 245 | 1 | 0 |
_aUn despota y un libertador _bel problema de México _cAndrés González Blanco. |
| 260 |
_aMadrid _bHelénica _c1916 |
||
| 300 |
_a157 p. _c19 cm. |
||
| 440 | 0 |
_aBiblioteca constitucionalista _v2 _910475 |
|
| 500 | _aC116 | ||
| 600 | 1 | 4 |
_aCarranza, Venustiano _d1859-1920 _910132 |
| 600 | 1 | 4 |
_aDíaz, Porfirio _d1830-1915 _94775 |
| 651 | 4 |
_aMéxico _xHistoria _yRevolución, 1910-1917 _910476 |
|
| 902 | _aGFM | ||
| 942 |
_2lcc _cB |
||
| 999 |
_c3755 _d3755 |
||